000 00745nam a2200169 a 4500
008 120416s1973 ||||||||||||||||| || u
020 _a0408704373
050 _aQD 415.A1 Int
100 _aGovindachari, T. R
245 1 4 _aThe chemistry of natural products: VIII plenary lectures presented at the eighth International Symposium on the Chemistry of Natural Products held at New Delhi, India, 6-12 February 1972.
260 _aLondon
_bButterworths
_c1973
300 _avi, 177p.
350 _a0.00
650 _aNATURAL PRODUCTS--CONGRESSES
650 _aBIOCHEMISTRY--CONGRESSES
995 _D0.00
_FCBU-MAIN LIBRARY (Kitwe)
_H1
_I8.50
_M1
_UAVAILABLE
_ZAnnex Low-Usage Collection
999 _c37221
_d37221